000 01045nam a22003497a 4500
001 000593
003 DO-SdBNP
005 20180118113036.0
007 000593
008 151005b1995 sp a b 00| 0 spa d
020 _a8434827085
040 _aBPMSU
_bspa
_cBPMSU
082 _axxxxx
_bxxxxx
100 1 _aMerino Agudo, Jesús María,
_d1944-
245 1 0 _aEl "Celeste" /
_cJesús Ma. Merino Agudo ; ilustración Toño Benavides ; colección dirigida por Marinella Terzi
250 _a5a. ed.
260 _aMadrid :
_bEdiciones SM,
_c1995.
300 _a136 p. :
_bil. mapas ;
_c19 cm.
490 1 _aEl barco de vapor
_v54
490 1 _aRoja
500 _aA partir de 12 años
521 1 _aA partir de los 12 años
586 _aPremio El Barco de Vapor, 1988.
700 1 2 _aBenavides, Toño,
_eil.
700 1 2 _aOlasagasti, Manuel,
_etrad.
700 1 2 _aTerzi, Marinella
_edir.
830 0 _aBarco de vapor ;
_v54
830 0 _aRoja
942 _2ddc
_cBK
945 _aInventariado, 2018/LP
956 _aLOPEREZ
_b10
_c20161025
999 _c11669
_d11669